000 01556 a2200193 4500
003 Nust
005 20230301130344.0
040 _cNust
082 _a327.1,CHA
100 _aJ.M. Grierson
_9109679
245 _aThe russo-japanese war ;
_breports from officers attached to the japanese forces in the field /
_cJ.M. Grierson
260 _aJapanese Government
_bJapan
_c1905
300 _a627 p
_billus
_c24 cm
490 _vVol-3
505 _aBefore The Outbreak of Hostilities (Page-1), The Turks in Mesopotamia (Page-16), British Pre-War Policy (Page-35), The Army in India and Pre-War Military Policy (Page-49), Inception of the Operation (Page-75), Part 2: The Campaign in Lower Mesopotamia . The Landing in Mesopotamia of Force D and The Operation Leading to The Occupation of Basra (Page-99), The Occupation of Basra and the Capture of Qurna (Page-127), Commencement of the Turkish Counter – Offensive (Page-154), Development and Defeat of the Turkish Counter –offensive (Page-189), Operation in Arabistan and the Capture of Amara (Page-224), Operation on the Euphrates and the Occupation of Nasiriya (Page-267), The Battle of Kut and Occupation of Aziziya (Page-299), Book .1: Defeat (Page-3), Book 2: Forging the Weapon (Page-125), Book 3: The Weapon is Tested (Page-199), Book 4: The Tide Turns (Page-285), The Decisive Battle (Page-373), Book V: Victory (Page-479).
600 _aJ.M. Grierson
_9109679
650 _aThe russo-japanese war ; reports from officers attached to the japanese forces in the field
_9109680
942 _2ddc
_cBK
999 _c185745
_d185745